Geometry for Computer Graphics : Formulae, Examples and Proofs
Salvato in:
| Autore principale: | |
|---|---|
| Natura: | Libro |
| Lingua: | inglese |
| Pubblicazione: |
London :
Springer Verlag,
2005
|
| Soggetti: | |
| Tags: |
Nessun Tag, puoi essere il primo ad aggiungerne!!
|
MARC
| LEADER | 00000nam a22000003a 4500 | ||
|---|---|---|---|
| 001 | stu261976 | ||
| 005 | 20150617230225.0 | ||
| 008 | 130131s2005----uk------------------eng-d | ||
| 020 | |a 1-85233-834-2 | ||
| 040 | |a STU |b slo | ||
| 041 | 0 | |a eng | |
| 044 | |a uk | ||
| 080 | |a 004.92 | ||
| 100 | 1 | |a Vince, John |4 aut | |
| 245 | 1 | |a Geometry for Computer Graphics : |b Formulae, Examples and Proofs | |
| 260 | |a London : |b Springer Verlag, |c 2005 | ||
| 300 | |a 342 s | ||
| 650 | 7 | |a počítačová grafika |2 stusub | |
| 996 | |b 284M084733 |c M*13429-1 |l MMKN |s A |a 24 |w stu261976_0001 | ||